Charlotte's Moderately Successful Team

Omkar Marathe, Sinecio Morales, Arya Karthik


Fine Arts - Classical Music and Opera714.2986%43%14%
Fine Arts - Other Arts613.3367%67%0%
Fine Arts - Painting and Sculpture615.0083%50%17%
Geography310.00100%0%0%
History - American History512.00100%20%0%
History - European History58.0060%20%0%
History - Other History88.7563%25%0%
History - World History611.6783%33%0%
Literature - American Literature715.71100%43%14%
Literature - British Literature610.0083%17%0%
Literature - European Literature812.5075%50%0%
Literature - World Literature210.00100%0%0%
Mythology110.00100%0%0%
Other Academic415.00100%50%0%
Other Culture210.0050%0%50%
Other Science (Astronomy)215.00100%50%0%
Other Science (Computer Science)20.000%0%0%
Other Science (Earth Science)215.00100%50%0%
Other Science (Engineering)120.00100%100%0%
Other Science (Math)220.00100%50%50%
Philosophy516.00100%60%0%
Religion45.0050%0%0%
Science - Biology611.6783%17%17%
Science - Chemistry610.0067%33%0%
Science - Physics210.00100%0%0%
Social Science410.0075%25%0%